Report of the Barclay Review of Non-Domestic Rates. (Record no. 121318)
[ view plain ]
| 000 -LEADER | |
|---|---|
| fixed length control field | 01389nam a2200385 i 4500 |
| 003 - CONTROL NUMBER IDENTIFIER | |
| control field | Uk |
| 005 - DATE AND TIME OF LATEST TRANSACTION | |
| control field | 20230323152248.0 |
| 006 - FIXED-LENGTH DATA ELEMENTS--ADDITIONAL MATERIAL CHARACTERISTICS | |
| fixed length control field | m || d | |
| 007 - PHYSICAL DESCRIPTION FIXED FIELD--GENERAL INFORMATION | |
| fixed length control field | cr ||||||||||| |
| 008 - FIXED-LENGTH DATA ELEMENTS--GENERAL INFORMATION | |
| fixed length control field | 230117s2017 stkabc o f000 0 eng d |
| 020 ## - INTERNATIONAL STANDARD BOOK NUMBER | |
| International Standard Book Number | 9781788511636 |
| 245 00 - TITLE STATEMENT | |
| Title | Report of the Barclay Review of Non-Domestic Rates. |
| Medium | [electronic resource] |
| 264 #1 - PRODUCTION, PUBLICATION, DISTRIBUTION, MANUFACTURE, AND COPYRIGHT NOTICE | |
| Place of production, publication, distribution, manufacture | Edinburgh : |
| Name of producer, publisher, distributor, manufacturer | The Scottish Government, |
| Date of production, publication, distribution, manufacture, or copyright notice | 2017. |
| 300 ## - PHYSICAL DESCRIPTION | |
| Extent | 1 online resource (135 pages) : |
| Other physical details | illustrations (colour), map (colour), portrait (colour) |
| 336 ## - CONTENT TYPE | |
| Content type term | text |
| Source | rdacontent |
| 337 ## - MEDIA TYPE | |
| Media type term | computer |
| Source | rdamedia |
| 338 ## - CARRIER TYPE | |
| Carrier type term | online resource |
| Source | rdacarrier |
| 500 ## - GENERAL NOTE | |
| General note | "Produced for The Scottish Government by APS Group Scotland." |
| 500 ## - GENERAL NOTE | |
| General note | "22 August 2017." |
| 538 ## - SYSTEM DETAILS NOTE | |
| System details note | System requirements: Adobe Reader required to view PDF document. |
| 650 #7 - SUBJECT ADDED ENTRY--TOPICAL TERM | |
| Topical term or geographic name entry element | Taxation |
| 650 #7 - SUBJECT ADDED ENTRY--TOPICAL TERM | |
| Topical term or geographic name entry element | RATING |
| 650 #7 - SUBJECT ADDED ENTRY--TOPICAL TERM | |
| Topical term or geographic name entry element | Real property tax |
| 651 #7 - SUBJECT ADDED ENTRY--GEOGRAPHIC NAME | |
| Geographic name | Scotland |
| 655 #0 - INDEX TERM--GENRE/FORM | |
| Genre/form data or focus term | Government publications. |
| 690 7# - LOCAL SUBJECT ADDED ENTRY--TOPICAL TERM (OCLC, RLIN) | |
| Topical term or geographic name as entry element | Valuation |
| 9 (RLIN) | 6273 |
| 690 7# - LOCAL SUBJECT ADDED ENTRY--TOPICAL TERM (OCLC, RLIN) | |
| Topical term or geographic name as entry element | Finance & taxation |
| 9 (RLIN) | 6241 |
| 700 1# - ADDED ENTRY--PERSONAL NAME | |
| Personal name | Barclay, Kenneth |
| Titles and other words associated with a name | (Banker), |
| Relator term | chair. |
| 710 1# - ADDED ENTRY--CORPORATE NAME | |
| Corporate name or jurisdiction name as entry element | Scotland. |
| Subordinate unit | Scottish Government, |
| Relator term | issuing body. |
| 710 2# - ADDED ENTRY--CORPORATE NAME | |
| Corporate name or jurisdiction name as entry element | APS Group Scotland. |
| 884 ## - DESCRIPTION CONVERSION INFORMATION | |
| Conversion process | LDL ebooks transformation to marcxml using nls_eb2marc.xsl |
| Conversion date | 20210325 |
| Identifier of source metadata | 9781788511636 |
| Conversion agency | Uk |
| 903 ## - LOCAL DATA ELEMENT C, LDC (RLIN) | |
| a | ELD.DS.656239 |
| 942 ## - ADDED ENTRY ELEMENTS (KOHA) | |
| Source of classification or shelving scheme | Dewey Decimal Classification |
| Withdrawn status | Lost status | Source of classification or shelving scheme | Damaged status | Not for loan | Home library | Current library | Shelving location | Date acquired | Total Checkouts | Date last seen | Price effective from | Koha item type |
|---|---|---|---|---|---|---|---|---|---|---|---|---|
| Dewey Decimal Classification | Virtual | Virtual | Online | 17/01/2023 | 17/01/2023 | 17/01/2023 | Online material |